Chanteurs et chanteuses des années 1970 par images #2 - Statistiques

Statistiques générales
  • Ce quiz a été pris 100 fois
  • Le résultat moyen est 12 sur 24
Statistiques - réponses
Par images Réponse % Correct
Michel Polnareff
93%
Bee Gees
86%
Carlos
86%
Chantal Goya
86%
Eddy Mitchell
86%
Julien Clerc
82%
The Police
71%
Annie Cordy
68%
Stone et Charden
68%
Michel Delpech
59%
Marie Myriam
57%
Michel Fugain
55%
Barbra Streisand
49%
Barry White
43%
Blondie
43%
Rod Stewart
43%
Billy Joel
22%
Earth, Wind and Fire
18%
Fleetwood Mac
17%
Black Sabbath
13%
Eagles
8%
Linda Ronstadt
5%
Bill Withers
3%
Shirley Bassey
0%
Aucun quiz correspondant
Distribution des résultats
% des personnes avec chaque résultat
Percentile par nombre de réponses
Votre historique - résultats
Vous n’avez pas pris ce quiz